| 000 | 00902nam a2200253 a 4500 | ||
|---|---|---|---|
| 005 | 20070924140453.0 | ||
| 008 | 910222s1991 njua b 001 0 eng | ||
| 010 | _aENG-92417 | ||
| 020 |
_a9798184241975 _c350.00 |
||
| 020 |
_a8184241976 _c350.00 |
||
| 035 | _aEN-75950 | ||
| 037 | _bDBAD / PUB | ||
| 040 |
_adpl _bEnglish |
||
| 082 | _a649.122 | ||
| 245 |
_aInfant development / _cedited by Sushila Srivastava |
||
| 260 |
_aNew Delhi _bAllied Publishers _c2007 |
||
| 270 |
_a1/13-14, Asaf Ali Road, _bNew Delhi _e110002 |
||
| 300 |
_aix, 417p. _c24 cm (pbk) |
||
| 650 |
_aInfants _xDevelopment |
||
| 650 | _aChild development | ||
| 650 |
_aInfants _xCare. |
||
| 942 |
_2ddc _cEN _h649.122 _mINF |
||
| 999 |
_c20755 _d20755 |
||